Хозрасчет и ЭВМ

Dettagli Bibliografici
Autore principale: Беляев Ю. А. Юрий Александрович
Riassunto:Исключено из фонда НТБ ТПУ
Lingua:russo
Pubblicazione: Москва, Изд-во Ун-та дружбы народов, 1990
Natura: MixedMaterials Libro
KOHA link:https://koha.lib.tpu.ru/cgi-bin/koha/opac-detail.pl?biblionumber=196781

MARC

LEADER 00000nam0a2200000 4500
001 196781
005 20231031183247.0
010 |a 5209002470 
020 |a RU  |b 90-62375 
035 |a (RuTPU)RU\TPU\book\214660 
090 |a 196781 
100 |a 20110528d1990 m a0rusy5003 ca 
101 0 |a rus 
102 |a RU 
105 |a y z 001zy 
200 1 |a Хозрасчет и ЭВМ  |f Ю. А. Беляев 
210 |a Москва  |c Изд-во Ун-та дружбы народов  |d 1990 
215 |a 176 с.  |c ил.  |d 22 см 
333 |a Исключено из фонда НТБ ТПУ 
700 1 |a Беляев  |b Ю. А.  |g Юрий Александрович  |4 070 
801 0 |a RU  |b RuMRKP  |c 19950417  |g psbo 
801 1 |a RU  |b 63413507  |c 20110528 
801 2 |a RU  |b 63413507  |c 20170120  |g RCR 
942 |c BK